[Event "20th Dubai Open 2018"]
[Site "Dubai"]
[Date "2018.04.08"]
[Round "7"]
[White "Iniyan, P."]
[Black "Risting, Eivind Olav"]
[Result "1-0"]
[WhiteElo "2466"]
[BlackElo "2303"]
[Annotator "TA"]
[PlyCount "59"]
[EventDate "2018.??.??"]
[EventType "swiss"]
[EventCountry "UAE"]
[SourceTitle "playchess.com"]
[Source "ChessBase"]
[SourceQuality "1"]

{[%evp 14,59,0,-13,60,60,56,44,81,25,33,26,81,68,111,103,125,53,118,122,127,127,114,108,102,93,102,91,83,86,81,87,81,88,87,85,80,0,0,0,64,71,489,505,507,510,534,527]} 1. d4 Nf6 2. c4 e6 3. Nc3 Bb4 4. e3 b6 5. a3 Bxc3+ 6. bxc3 O-O 7. Bd3 c5 {E28: Nimzo-Indian: Sämisch: 5...0-0 6 e3} 8. e4 {LiveBook: 13 Games} (8. Ne2 Ba6 9. e4 Nc6 10. Bg5 h6 11. Bh4 e5 12. f4 cxd4 13. cxd4 exf4 14. e5 g5 15. exf6 gxh4 {½-½ (55) Indjic,A (2589)-Oleksienko,M (2643) Dubai 2017}) 8... Nc6 (8... Bb7 $11) 9. e5 $14 {[#] Threatens to win with Bg5.} Ne8 $1 {White is slightly better.} 10. Nf3 f5 11. exf6 (11. d5 $16 Na5 12. Bg5) 11... Nxf6 $11 12. O-O Qe8 $146 (12... Ba6 $11) ({Predecessor:} 12... cxd4 13. cxd4 Bb7 14. d5 exd5 15. cxd5 Na5 16. d6 {1-0 (26) Miettinen,R-Bagnoli,P ICCF corr 1977}) 13. Bf4 {aiming for Bd6.} Qh5 14. Bd6 $36 {[%mdl 2048] Keeping Black busy.} Re8 15. Re1 (15. dxc5 $16 Nd8 16. cxb6) 15... Bb7 {[#]} (15... cxd4 $14 16. cxd4 Bb7) 16. dxc5 $1 $16 bxc5 17. Rb1 Nd8 18. Ne5 Qxd1 19. Rexd1 Rc8 20. Rb5 Ba8 21. f3 ({Don't go for} 21. Bxc5 $2 a6 $19) 21... Nb7 22. Bc2 Nxd6 23. Rxd6 Rc7 24. Ba4 Kf8 25. Rb2 (25. Ra5 $16) 25... Ke7 $1 $11 {[%cal Re7d6]} 26. Rbd2 {[%cal Re5d7]} Rd8 (26... Rb8 $1 $11) 27. Kf2 Nd5 $2 {[%mdl 8192]} (27... Ne8 $16 28. Rxd7+ Rcxd7 29. Rxd7+ Rxd7 30. Bxd7 (30. Nxd7 Kd6 $16) 30... Kd6) 28. cxd5 $18 {White is clearly winning.} exd5 29. Ra6 d6 30. Nc6+ {Precision: White = 46%, Black = 37%.} 1-0

[Event "20th Dubai Open 2018"]
[Site "Dubai"]
[Date "2018.04.08"]
[Round "7"]
[White "Chakravarthi Reddy, M."]
[Black "Mareco, Sandro"]
[Result "1/2-1/2"]
[WhiteElo "2442"]
[BlackElo "2645"]
[Annotator "TA"]
[PlyCount "64"]
[EventDate "2018.??.??"]
[EventType "swiss"]
[EventCountry "UAE"]
[SourceTitle "playchess.com"]
[Source "ChessBase"]
[SourceQuality "1"]

{[%evp 22,64,24,18,25,20,21,29,37,30,33,25,45,20,30,18,27,30,22,29,43,26,19,25,23,31,59,50,46,0,60,29,36,29,29,-55,0,0,8,0,0,0,38,35,42]} 1. d4 Nf6 2. c4 e6 3. Nf3 {[%cal Bg1f3,Bf3d2,Bd2c4][%mdl 32]} c5 4. d5 exd5 5. cxd5 d6 6. Nc3 g6 7. Nd2 Bg7 8. Nc4 O-O 9. Bf4 Ne8 10. Qd2 b6 11. e3 {A61: Modern Benoni: Nf3 without early e4} Ba6 12. a4 {LiveBook: 10 Games} Nd7 13. Be2 {White has an edge.} Bxc4 14. Bxc4 a6 15. O-O Ne5 16. Be2 Nc7 17. Rab1 Qe7 18. b4 c4 19. b5 $146 axb5 20. axb5 Rfc8 21. Rfc1 Ne8 22. Na2 {[%cal Bc3a2,Ba2b4,Bb4c6][%mdl 32]} Nf6 23. Nb4 c3 24. Qc2 Rc5 25. Nc6 Qe8 ({Black should try} 25... Nxc6 $11 26. dxc6 h5) 26. Bxe5 (26. e4 {feels hotter.} Nxc6 27. dxc6 Nxe4 28. Bd3 d5 29. Re1) 26... dxe5 27. e4 Bh6 28. Rd1 (28. Rf1 $11) 28... Ra3 ({Better is} 28... Nxe4 $1 $15 29. Qxe4 c2) 29. Bd3 $11 Qa8 {[#] White must now prevent ...Ra2.} 30. Qe2 Ra2 31. Bc2 $1 Bd2 32. Qd3 Nd7 {Precision: White = 64%, Black = 63%.} 1/2-1/2

[Event "20th Dubai Open 2018"]
[Site "Dubai"]
[Date "2018.04.08"]
[Round "7"]
[White "Haria, Ravi"]
[Black "Efimenko, Zahar"]
[Result "1/2-1/2"]
[WhiteElo "2441"]
[BlackElo "2634"]
[Annotator "TA"]
[PlyCount "94"]
[EventDate "2018.??.??"]
[EventType "swiss"]
[EventCountry "UAE"]
[SourceTitle "playchess.com"]
[Source "ChessBase"]
[SourceQuality "1"]

{[%evp 11,94,4,7,-8,-5,-27,8,-25,-24,-25,-25,-25,-25,-39,-34,-47,-10,-19,-10,-10,-17,-20,0,-10,0,0,19,17,45,38,51,47,77,67,94,123,102,53,116,118,166,154,164,0,0,-32,-18,-70,-11,-16,-21,-33,-43,-85,-51,-90,-45,-45,-45,-47,-45,-45,-45,-45,-45,-53,-45,-53,0,-11,-11,-11,-11,-11,-11,-18,-18,-26,89,90,108,54,54,0,0]} 1. Nf3 Nf6 2. g3 b5 3. Bg2 Bb7 4. O-O e6 5. d3 c5 6. Nbd2 {A05: Réti Opening: 1 Nf3 Nf6} (6. e4 d6 7. a4 b4 8. Nbd2 Be7 9. Nc4 O-O 10. Re1 Nbd7 11. Bf4 d5 12. Nd6 Bc6 13. Ng5 Nb6 14. Ndxf7 Rxf7 15. Bh3 Bd7 16. a5 e5 17. axb6 Bxh3 18. b7 {0-1 (74) Carlsen,M (2876)-Vachier Lagrave,M (2723) Stavanger 2015}) 6... Be7 {LiveBook: 11 Games} 7. c4 a6 8. a4 $146 ({Find the theoretical novelty and annotate with similar games:} 8. Nb3 O-O 9. Bd2 Nc6 10. Rc1 d6 11. Qe1 Qd7 {0-1 (74) Murzin,V (2280)-Pridorozhni,A (2565) Sochi 2017}) 8... b4 9. Nb3 O-O 10. e4 d6 11. Bf4 Nfd7 12. Qd2 Nc6 13. Be3 a5 14. d4 e5 15. d5 Nd4 $1 {[%cal Rd4b3]} 16. Qd1 Nb6 17. Nbd2 Qc7 18. b3 Bc8 19. Ne1 f5 20. Nd3 Bf6 21. Rc1 Ra7 22. Bxd4 cxd4 23. exf5 Bxf5 24. Ne4 Qd8 (24... Nd7 $14) 25. f4 $16 Re7 26. Nxf6+ gxf6 27. Nf2 $2 {[#]} (27. fxe5 $18 Bxd3 28. Qxd3 fxe5 29. Rxf8+ Qxf8 30. c5) 27... Rg7 $11 28. g4 Bc8 29. f5 (29. Kh1 $11) 29... Nd7 (29... h5 $1 $15) 30. Ne4 Nc5 31. Nxc5 dxc5 32. Be4 Kf7 33. Kf2 Rfg8 34. Rg1 h5 {[%cal Rg7g4]} 35. h3 hxg4 36. hxg4 Rh8 {...Rh2+ is the strong threat.} 37. Rh1 $1 Rgh7 {Hoping for ...Qg8.} 38. Qe2 Rh2+ 39. Bg2 Qf8 (39... Ke7 $15) 40. Rxh2 Rxh2 41. Rh1 $1 {[%cal Rh1h2]} Rxh1 42. Bxh1 Qh6 43. Bf3 Qh2+ 44. Kf1 Qxe2+ (44... Qf4 $11 {keeps the balance.}) 45. Kxe2 $16 Ke7 46. Kd3 (46. Be4 $16) 46... Bd7 $1 $14 47. Be4 (47. Ke4 $14) 47... Be8 {Precision: White = 55%, Black = 36%.} 1/2-1/2

[Event "20th Dubai Open 2018"]
[Site "Dubai"]
[Date "2018.04.08"]
[Round "7"]
[White "Laxman, R.R"]
[Black "Kurbanov, Djakhongir"]
[Result "1-0"]
[WhiteElo "2441"]
[BlackElo "2078"]
[Annotator "TA"]
[PlyCount "55"]
[EventDate "2018.??.??"]
[EventType "swiss"]
[EventCountry "UAE"]
[SourceTitle "playchess.com"]
[Source "ChessBase"]
[SourceQuality "1"]

{[%evp 21,55,29,21,0,-11,6,55,46,51,51,88,95,159,159,150,153,358,358,337,330,314,309,537,538,541,545,707,664,718,696,822,815,967,964,1656,1554]} 1. d4 d5 2. c4 c6 3. Nf3 Nf6 4. e3 Bf5 5. Nc3 e6 6. Nh4 Bg4 7. Qb3 Qb6 8. h3 Bh5 9. g4 Bg6 10. Nxg6 hxg6 11. Bg2 Na6 {LiveBook: 16 Games. D12: Slav Defence: 3 Nf3 Nf6 4 e3 Bf5} (11... Nbd7 12. Bd2 Be7 13. g5 Nh5 14. h4 O-O 15. O-O-O Qxb3 16. axb3 Nb6 17. Bf1 f6 18. Bd3 f5 19. Ne2 {½-½ (80) Bai,J (2567)-Li,B (2413) Shenzhen 2016}) 12. g5 (12. f4 {looks sharper.} Be7 13. Bd2 dxc4 14. Qxc4 Nd5 15. g5) 12... Qxb3 13. axb3 Nd7 {The position is equal.} 14. Ke2 Be7 $146 ({Predecessor:} 14... Nb4 15. Bd2 Be7 16. h4 f6 17. Rac1 Kf7 18. f4 Rh7 {½-½ (18) Shvedchikov,A (2423)-Lederman,L (2267) Rijeka 2011}) 15. f4 f5 16. Bd2 Kf7 (16... Nc7 $142) 17. cxd5 $16 exd5 {[#]} 18. Nxd5 $1 {[%mdl 512] Threatens to win with b4.} Nb6 $2 (18... Bd6 $16 19. Rhc1 Rad8 20. Rxa6 bxa6) (18... cxd5 19. Bxd5+) 19. Nxe7 $18 Kxe7 {[#]} 20. Bxc6 $1 {[%mdl 512]} bxc6 21. Rxa6 Kd7 $2 (21... Rhb8 {was necessary.} 22. Rha1 Rb7 23. Bb4+ Ke8) 22. Rha1 {White is clearly winning.} Nc8 {[#]} 23. d5 $1 {[%cal Bd4d5,Bd5c6][%mdl 32]} Rxh3 (23... cxd5 24. Rxg6) 24. dxc6+ Ke7 25. Bb4+ Kf7 26. Bc5 Rh2+ 27. Kd3 Rxb2 28. Kc3 1-0

[Event "20th Dubai Open 2018"]
[Site "Dubai"]
[Date "2018.04.08"]
[Round "7"]
[White "Sindarov, Javokhir"]
[Black "Oleksiyenko, Mykhaylo"]
[Result "1/2-1/2"]
[WhiteElo "2431"]
[BlackElo "2621"]
[Annotator "TA"]
[PlyCount "111"]
[EventDate "2018.??.??"]
[EventType "swiss"]
[EventCountry "UAE"]
[SourceTitle "playchess.com"]
[Source "ChessBase"]
[SourceQuality "1"]

{[%evp 17,111,2,0,4,7,0,0,6,21,18,22,19,47,14,23,-9,0,-9,-7,-8,-8,-7,-7,-9,-5,-20,-19,-25,-18,-23,-22,-23,-22,-26,-21,-21,-24,-24,-16,-41,-18,-39,-39,-31,-31,-31,-31,-43,-54,-52,-40,-106,-106,-155,-63,-63,-68,-71,-63,-46,-8,-10,0,-10,-45,-473,-372,-789,-781,-815,-815,-2502,-2510,-8643,-7783,-29961,-29962,-29964,-29962,-29958,-29960,-29960,-29956,-6753,0,0,0,0,0,0,0,0,0,0,0,0]} 1. e4 e6 2. d4 d5 3. exd5 exd5 4. Nf3 Nf6 5. Bd3 Bd6 6. Qe2+ Qe7 7. Qxe7+ Kxe7 8. O-O {C01: French: Exchange Variation} Re8 (8... Nc6 9. Re1+ Kf8 10. c3 Bg4 11. Nh4 Ne7 12. g3 Re8 13. Nd2 g6 14. Ndf3 Kg7 15. Ne5 Be6 {½-½ (30) Kovalev,V (2636)-Duda,J (2706) Heraklio 2017}) 9. Bg5 h6 {LiveBook: 3 Games} 10. Re1+ Be6 $1 11. Bh4 g5 12. Bg3 Bxg3 13. hxg3 Nc6 14. c3 Kd6 $146 ({Predecessor:} 14... Nd7 15. Nbd2 Kf6 {½-½ (26) Penz,H (2324)-Lipka,J (2419) Austria 2014}) 15. Nbd2 Bg4 16. Nb3 Rxe1+ 17. Rxe1 Re8 18. Rxe8 Nxe8 19. Bb5 f6 20. Nh2 Bc8 21. Nf1 Ng7 22. Ne3 Ne7 23. Bd3 b6 24. Nd2 h5 25. f3 Ngf5 26. Kf2 Nxe3 27. Kxe3 $11 {[%mdl 4096] Endgame KBN-KBN} Bf5 28. Be2 Bc2 29. Bd3 Bxd3 30. Kxd3 $15 {KN-KN} c5 31. Nf1 c4+ 32. Kd2 b5 33. Ne3 f5 34. b3 (34. Ke2 $15) 34... cxb3 35. axb3 a5 (35... f4 $17 36. gxf4 gxf4) 36. f4 gxf4 37. gxf4 Ke6 38. g3 a4 39. bxa4 bxa4 40. Kc2 Ng8 41. c4 $2 {[%mdl 8192]} (41. Kb2 $15) 41... dxc4 $19 42. d5+ $2 (42. Nxc4 Nf6 43. Ne3) 42... Kd6 43. Nxf5+ Kxd5 44. g4 hxg4 45. Ne3+ Kd4 46. Nxg4 {[#]} Ne7 $1 {[%cal Re7d5]} 47. Ne5 Nd5 48. Nf3+ Kc5 49. f5 a3 50. Kb1 {[#]} Kb4 $2 ({Black should play} 50... c3 $1 $19 {( -> ...Nb4)} 51. f6 Nxf6) 51. Nd4 $11 {The position is equal.} Ka4 52. Ka2 Nb4+ 53. Ka1 {Strongly threatening f6.} Nd5 54. Ka2 Nc3+ 55. Ka1 {aiming for f6.} Ne4 56. Ka2 {Precision: White = 33%, Black = 62%.} 1/2-1/2

[Event "20th Dubai Open 2018"]
[Site "Dubai"]
[Date "2018.04.08"]
[Round "7"]
[White "Khademalsharieh, Sarasadat"]
[Black "Ranaldi, Lucas"]
[Result "1-0"]
[WhiteElo "2424"]
[BlackElo "2226"]
[Annotator "TA"]
[PlyCount "131"]
[EventDate "2018.??.??"]
[EventType "swiss"]
[EventCountry "UAE"]
[SourceTitle "playchess.com"]
[Source "ChessBase"]
[SourceQuality "1"]

{[%evp 19,131,0,0,-7,0,0,0,0,4,-6,22,-27,25,-18,-12,-5,12,-14,4,-46,-24,-33,-27,-37,-14,-28,-22,-39,-21,-26,-29,-12,-18,-17,0,0,0,0,0,0,24,0,35,0,0,0,31,7,3,12,56,18,50,10,10,0,8,8,19,8,8,8,14,22,28,0,0,0,0,0,0,0,0,0,0,0,20,0,0,0,31,28,79,102,91,58,161,155,151,183,477,312,745,682,1641,1626,1568,1540,1475,1444,1391,1359,1095,1214,1216,1161,29972,29973,29972,29974,29985,29983,29982,29973]} 1. d4 Nf6 2. c4 e6 3. Nf3 b6 4. g3 Bb7 5. Bg2 Be7 6. Nc3 Ne4 7. Bd2 f5 8. Qc2 {E17: Queen's Indian: 4 g3 Bb7 5 Bg2 Be7} (8. O-O O-O 9. Ne5 Bf6 10. Qc2 Nd6 11. Bxb7 Nxb7 12. Nf3 Nc6 13. Be3 Nd6 14. b3 Qe7 15. Rad1 a5 16. Bf4 Rac8 17. Bxd6 Qxd6 {1-0 (52) Tomashevsky,E (2722)-Oparin,G (2575) Sochi 2016}) 8... Nxd2 9. Qxd2 Bf6 10. d5 O-O {LiveBook: 4 Games} 11. Nd4 Bxd4 12. Qxd4 d6 13. O-O e5 14. Qd2 a5 $146 ({Find the theoretical novelty and annotate with similar games:} 14... f4 15. b4 Nd7 16. Ne4 h6 17. Bh3 {½-½ (45) Gornyak,Y-Pitksar,K USSR 1988}) 15. b3 Nd7 (15... f4 $142) 16. a3 Ba6 17. Qc2 h5 {[%cal Bh7h5,Bh5h4][%mdl 32]} 18. Nb5 h4 19. b4 Bc8 20. Rab1 g6 21. Rb3 Kg7 22. Qb2 hxg3 23. hxg3 Kg8 24. f4 Ba6 25. e4 Bxb5 26. cxb5 Qe7 27. Qc2 axb4 28. axb4 Ra7 29. Rc3 fxe4 30. Qxe4 Kg7 31. Rfc1 Nf6 32. Qe2 e4 33. Re3 {[%cal Rg2e4]} Re8 34. Re1 Ra4 35. Qb2 {Hoping for Rxe4.} Kf7 36. Qd4 {[%cal Rg2e4]} Qd7 $1 {[%cal Rd7b5]} 37. Qc4 {[%cal Rg2e4]} Raa8 38. Bxe4 Nxe4 39. Rxe4 Rxe4 40. Qxe4 $11 {[%mdl 4096] Endgame f5! is the strong threat. KQR-KQR} Ra3 41. Kg2 Ra2+ 42. Re2 (42. Kf3 {NOTEXT} Ra3+ 43. Kf2 Ra2+ 44. Ke3 Ra3+ 45. Kd2) 42... Rxe2+ 43. Qxe2 {KQ-KQ} Qf5 $1 44. Qc4 Ke8 45. Kf3 Qh5+ 46. Ke3 Kd8 47. Qe4 Qg4 48. Qf3 Qf5 49. Qe4 {Threatens to win with Qxf5.} Qg4 50. Kf2 Qh5 {[#]} (50... Kd7 $11 {keeps the balance.}) 51. Kg2 $1 $16 Qg4 52. Qf3 Qd7 {[#]} (52... Qf5 $14) 53. g4 $1 $18 Qxb5 54. Qe4 Kd7 $2 (54... Qa6 {was worth a try.} 55. Qxg6 Qa2+ 56. Kg3 Qxd5) 55. Kg3 Qf1 $2 (55... c5 56. dxc6+ (56. Qxg6 cxb4 57. Qe6+ Kc7 $14) 56... Qxc6 57. Qxg6 Qc3+ 58. Kh4 Qxb4) 56. Kh4 Kd8 57. Kg5 Qd1 58. Qe6 Qd3 59. Qg8+ Ke7 60. Qg7+ Kd8 61. Qf8+ Kd7 62. Qf7+ Kd8 63. f5 {White mates.} Qd2+ 64. Kxg6 Qxb4 65. g5 b5 66. Qe6 {Precision: White = 56%, Black = 36%.} 1-0

[Event "20th Dubai Open 2018"]
[Site "Dubai"]
[Date "2018.04.08"]
[Round "7"]
[White "Tania, Sachdev"]
[Black "Minko, Dmitry"]
[Result "1-0"]
[WhiteElo "2407"]
[BlackElo "2145"]
[Annotator "NA RC"]
[PlyCount "63"]
[EventDate "2018.??.??"]
[EventType "swiss"]
[EventCountry "UAE"]
[SourceTitle "playchess.com"]
[Source "ChessBase"]
[SourceQuality "1"]
[TimeControl "5400+30"]

1. d4 {[%emt 0:00:00]} Nf6 {[%emt 0:00:16]} 2. c4 {[%emt 0:00:00]} e6 {[%emt 0:00:08]} 3. Nf3 {[%emt 0:00:00]} d5 {[%emt 0:00:13]} 4. Nc3 {[%emt 0:00:00]} Be7 {[%emt 0:01:01]} 5. Qc2 {[%emt 0:00:22]} O-O {[%emt 0:01:07]} 6. cxd5 {[%emt 0:00:10]} exd5 {[%emt 0:00:10]} 7. Bf4 {[%emt 0:00:08]} c6 {[%emt 0:02:13] LiveBook: 31 Games} 8. h3 {[%emt 0:00:19]} Nbd7 {[%emt 0:00:26]} 9. e3 {[%emt 0:00:06]} Re8 {[%emt 0:00:05]} 10. Bd3 {[%emt 0:00:21]} Nf8 {[%emt 0:00:08]} 11. O-O-O {[%emt 0:00:17]} a5 {[%emt 0:00:09]} 12. Kb1 {[%emt 0:01:07]} a4 {[%emt 0:00:11]} 13. g4 {[%emt 0:05:40]} a3 {[%emt 0:00:32]} 14. b3 {[%emt 0:00:02]} Bb4 {[%emt 0:00:52]} 15. Ne5 $11 {[%emt 0:03:56]} N6d7 {[%emt 0:01:38]} 16. Bg3 {[%emt 0:04:18]} Nxe5 {[%emt 0:02:24]} 17. dxe5 {[%emt 0:01:24]} Ra5 {[%emt 0:03:05]} 18. Na4 {[%emt 0:03:24]} Qe7 {[%emt 0:23:13]} 19. Rc1 {[%emt 0:10:17]} c5 {[%emt 0:08:23]} 20. Nc3 {[%emt 0:08:18]} Be6 {[%emt 0:01:25]} 21. Ka1 {[%emt 0:19:11]} c4 {[%emt 0:12:07]} 22. bxc4 {[%emt 0:00:05]} dxc4 {[%emt 0:00:50]} 23. Be4 {[%emt 0:00:25]} Rd8 {[%emt 0:10:44]} 24. Rhd1 {[%emt 0:03:11]} Bxc3+ {[%emt 0:04:05]} 25. Qxc3 {[%emt 0:00:08]} Rxd1 {[%emt 0:00:06]} 26. Rxd1 {[%emt 0:00:03]} Rb5 {[%emt 0:05:05]} 27. f4 {[%emt 0:02:19]} Rb2 {[%emt 0:04:03]} 28. f5 {[%emt 0:02:41]} Bd7 {[%emt 0:00:01]} 29. e6 {[%emt 0:03:22]} fxe6 {[%emt 0:18:09]} 30. Bd6 {[%emt 0:00:36]} Qf6 {[%emt 0:00:31]} 31. Qxf6 {[%emt 0:00:59]} gxf6 {[%emt 0:00:01]} 32. Bxa3 {[%emt 0:02:38]} 1-0

[Event "20th Dubai Open 2018"]
[Site "Dubai"]
[Date "2018.04.08"]
[Round "7"]
[White "Rajdeep, Sarkar"]
[Black "Ghaem Maghami, Ehsan"]
[Result "0-1"]
[WhiteElo "2393"]
[BlackElo "2523"]
[Annotator "TA"]
[PlyCount "84"]
[EventDate "2018.??.??"]
[EventType "swiss"]
[EventCountry "UAE"]
[SourceTitle "playchess.com"]
[Source "ChessBase"]
[SourceQuality "1"]

{[%evp 25,84,0,9,0,0,0,0,0,0,0,32,15,11,24,19,-22,-22,-22,-34,-31,-31,-182,-186,-178,-179,-323,-314,-322,-319,-301,-262,-504,-520,-504,-452,-418,-472,-454,-454,-707,-671,-629,0,0,0,-552,-516,-752,-739,-720,-712,-664,0,-675,-649,-29989,-29990,-29990,-29991,-29998,-29999]} 1. d4 Nf6 2. Nf3 e6 3. c4 c5 4. d5 d6 5. Nc3 exd5 6. cxd5 g6 7. g3 Bg7 8. Bg2 O-O 9. O-O Re8 10. Nd2 a6 11. a4 Nbd7 12. a5 b5 13. axb6 Nxb6 {LiveBook: 77 Games} 14. h3 {A64: Modern Benoni: Fianchetto Variation: 9...Nbd7 10 Nd2 a6 11 a4 Re8} (14. Nb3 Nc4 15. Ra4 Nb6 16. Ra2 Nc4 17. Ra4 Nb6 18. Ra2 Nc4 {½-½ (18) Nikolic,P (2607)-Perunovic,M (2603) Sarajevo 2017}) 14... a5 $146 ({Predecessor:} 14... Bd7 15. e4 Bb5 16. Re1 Nfd7 17. Nb3 Ne5 18. Na5 Qd7 19. Nxb5 axb5 {0-1 (35) Harsha,B (2393)-Arat,U (2441) Khanty-Mansiysk 2015}) 15. Re1 a4 16. Ra3 {[%cal Rc3a4] The position is equal.} Ba6 17. e4 Nfd7 18. Nxa4 Ne5 19. Nxb6 Qxb6 20. Bf1 Bxf1 21. Rxa8 Rxa8 22. Rxf1 Qb5 23. b3 $2 (23. Nf3 $15) 23... Ra1 $1 $19 24. Kg2 h5 25. Nf3 (25. Qc2 $142 Qd3 26. Qd1) 25... Nxf3 $1 26. Qxf3 {[#]} Bh6 $1 {[%mdl 512]} 27. Qf6 (27. Bxh6 Qxf1+) 27... Rxc1 28. Qd8+ $2 {[#]} (28. Rxc1 {is the only way for White.} Bxc1 29. Qxd6) 28... Kg7 $1 29. Rxc1 Bxc1 30. Qxd6 {[#]} Bb2 $1 31. e5 Qe2 32. Qf6+ (32. Qxc5 $142 Qe4+ 33. Kf1) 32... Kg8 33. Qd8+ Kg7 $2 (33... Kh7 $19 34. Qf6 Qe4+ 35. Qf3 Qxf3+ 36. Kxf3 Bxe5) 34. Qf6+ $1 $11 Kg8 $2 {[%mdl 8192]} (34... Kh6 $11) 35. Qd8+ $1 $19 Kh7 36. d6 Qe4+ 37. Kg1 Qe1+ 38. Kg2 Qe4+ 39. Kg1 $1 Qxe5 40. d7 Qe1+ {Black mates.} 41. Kg2 Bd4 42. Kf3 Qxf2+ {Precision: White = 36%, Black = 85%.} 0-1

[Event "20th Dubai Open 2018"]
[Site "Dubai"]
[Date "2018.04.08"]
[Round "7"]
[White "Omar, Noaman"]
[Black "Ajay, Karthikeyan"]
[Result "1/2-1/2"]
[WhiteElo "2372"]
[BlackElo "2127"]
[Annotator "TA"]
[PlyCount "82"]
[EventDate "2018.??.??"]
[EventType "swiss"]
[EventCountry "UAE"]
[SourceTitle "playchess.com"]
[Source "ChessBase"]
[SourceQuality "1"]

{[%evp 16,82,47,11,26,27,31,29,61,52,63,48,57,39,31,31,26,31,39,27,29,18,24,17,15,0,2,0,0,0,10,0,0,-25,-26,-19,-21,-8,0,-34,-24,-24,-24,-25,-25,-92,0,0,0,0,0,0,0,0,0,0,0,0,8,8,8,4,5,0,0,0,0,0,0]} 1. d4 Nf6 2. c4 g6 3. g3 Bg7 4. Bg2 O-O 5. Nc3 d6 6. Nf3 Nc6 7. O-O a6 8. e3 {[%cal Be2e3,Be3e4][%mdl 32]} e5 {E63: King's Indian: Fianchetto: Panno Variation with 7...a6} (8... Rb8 9. Qe2 b5 10. Rd1 e6 11. b3 bxc4 12. Qxc4 Nb4 13. a3 Nbd5 14. Ne2 Bd7 15. Qc2 Bb5 16. Re1 c5 {½-½ (48) Tomashevsky,E (2702)-Nakamura,H (2780) Palma de Mallorca 2017}) 9. b3 {LiveBook: 4 Games} Re8 10. d5 $146 ({Predecessor:} 10. dxe5 dxe5 11. Ba3 Bf5 12. Nd5 Be4 13. Ne1 Bxg2 14. Kxg2 e4 15. Rc1 Ne5 16. Bb2 {½-½ (57) Uzhva,A (2270)-Matinian,N (2495) Sochi 2016}) 10... Ne7 {White has an edge.} 11. e4 Nd7 12. Be3 h6 13. Qd2 Kh7 $1 14. Nh4 f5 15. exf5 Nxf5 16. Nxf5 gxf5 17. Rae1 Qf6 18. Qc2 Qg6 19. b4 Nf6 20. a4 h5 21. h4 Bh6 22. Bxh6 Kxh6 23. c5 Rg8 24. a5 f4 25. Qxg6+ Rxg6 26. Ne4 Bf5 27. cxd6 Bxe4 28. Bxe4 Nxe4 29. Rxe4 cxd6 $11 {[%mdl 4096] Endgame KRR-KRR} 30. Kh2 {[#]} (30. Rc1 $11 {remains equal.}) 30... Rag8 (30... Rf8 $1 $17 {And now ...fxg3+ would win.} 31. gxf4 Rg4) 31. gxf4 {The position is equal.} Rg4 {[%cal Rg4h4]} 32. Kh3 Rf8 ({Much worse is} 32... Rxf4 $6 33. Rxf4 exf4 34. Re1 $16) 33. Rb1 Rgxf4 34. Rxf4 Rxf4 {KR-KR} 35. b5 axb5 36. Rxb5 Rf7 37. Rb6 Rd7 38. Kg3 Kg6 39. f3 Kf5 40. Rb4 Rc7 41. Rb6 Rd7 {Precision: White = 37%, Black = 74%.} 1/2-1/2

[Event "20th Dubai Open 2018"]
[Site "Dubai"]
[Date "2018.04.08"]
[Round "7"]
[White "Sadhwani, Raunak"]
[Black "Karthikeyan, P."]
[Result "0-1"]
[WhiteElo "2358"]
[BlackElo "2481"]
[Annotator "TA"]
[PlyCount "49"]
[EventDate "2018.??.??"]
[EventType "swiss"]
[EventCountry "UAE"]
[SourceTitle "playchess.com"]
[Source "ChessBase"]
[SourceQuality "1"]

{[%evp 15,49,19,63,50,58,27,41,0,54,7,14,0,12,-43,-24,-59,-40,-49,-41,-87,-75,-86,-83,-73,-54,-49,-44,-52,-61,-56,-53,-184,-185,-620,-581,-29999]} 1. e4 c5 2. Nf3 d6 3. d4 cxd4 4. Nxd4 Nf6 5. Nc3 a6 6. h3 e6 7. g4 h6 8. Bg2 g5 9. Be3 {B81: Sicilian Scheveningen: Keres Attack} Nbd7 10. Qd2 (10. Qe2 Ne5 11. O-O-O Nfd7 12. h4 Rg8 13. hxg5 hxg5 14. Kb1 b5 15. a3 Bb7 16. Bc1 Rc8 {0-1 (48) Dominguez Perez,L (2739)-Kasparov,G (2812) Saint Louis 2017}) 10... Ne5 11. b3 {White is slightly better.} Nfd7 $146 (11... b5 $11) ({Predecessor:} 11... Qc7 12. Nde2 b5 13. Ng3 Bb7 14. Bd4 Rc8 15. O-O h5 16. f4 hxg4 17. fxe5 dxe5 18. Rxf6 exd4 19. Nce2 gxh3 20. Raf1 hxg2 21. R1f3 Bxe4 22. Qxg5 Bxf3 23. Rxf3 d3 {0-1 (23) Perez Gormaz,M (2327)-Ortiz Suarez,I (2611) Praia da Pipa 2014}) 12. f4 gxf4 13. Bxf4 Qh4+ 14. Kf1 ({Better is} 14. Kd1 $11) 14... b6 15. Kg1 Bb7 16. Nce2 Ng6 17. Rf1 Nxf4 18. Nxf4 Qg5 19. e5 Bxg2 20. Qxg2 d5 21. Qf2 {aiming for Nfxe6!} Bc5 {...h5 is the strong threat.} ({Don't play} 21... Nxe5 $6 {[#]} 22. Ndxe6 $1 {[%mdl 512]} fxe6 23. Nxe6 $16) ({Weaker is} 21... Qxe5 22. Ng6 $1 $18 {[%mdl 512]}) 22. Nd3 Nxe5 23. Nxe5 (23. Nxc5 $15 bxc5 24. Nf3 Nxf3+ 25. Qxf3) 23... Qxe5 $19 24. Qxf7+ $2 (24. c3 {is more resistant.} O-O 25. Rh2) 24... Kd8 {[%cal Re5g3]} 25. c3 {Precision: White = 22%, Black = 84%.} 0-1